00816nam a2200181 a 450000100100000000500170001000800410002704000250006810000270009324500740012026000520019430000360024650000730028259000750035504900090043095201780043999900170061700003589620200930074712.0111115s1975 xxuac 000 0 spa d aDO-SdBNPbspacBNPHU1 aChaij, Fernando.9585513aEl dilema del hombre en esta hora de revolución. /cFernando Chaij. aCalifornia :bEdiciones Interamericanas,c1975. a128 p. :bil., retrs. ;c21 cm. aIncluye referencias bibliográficas y notas al pie de las páginas aPerteneció a la biblioteca personal de Juan Isidro Jimenes Grullón aBNPD 001050718MOaGRbGRcCTd2011-11-15iLF1l0o p35896-10r2020-06-25w2020-06-25y1zPerteneció a la biblioteca personal de Juan Isidro Jimenes Grullón.ZNo se presta c35387d35387